Halley & his comet /

Saved in:
Bibliographic Details
Main Author: Lancaster Brown, Peter, 1927-
Format: Book
Language:English
Published: Poole, Dorset : New York, N.Y. : Blanford Press ; Distributed in the U.S. by Sterling Pub. Co., 1985.
Subjects:
LEADER 01038nam a2200265 a 4500
001 c000005255
003 CARM
005 00000000000000.0
008 850128s1985 enkaf b 00110 eng
019 1 |a 3714091  |5 LACONCORD2021 
020 |a 0713714476 :  |c L.9.95 ($12.95 U.S.) 
035 |a (OCoLC)12749934  |5 LACONCORD2021 
050 0 0 |a QB723.H2  |b L36 1985 
082 0 0 |a 523.6/4  |2 19 
100 2 |a Lancaster Brown, Peter,  |d 1927- 
245 1 0 |a Halley & his comet /  |c Peter Lancaster-Brown. 
260 |a Poole, Dorset :  |b Blanford Press ;  |a New York, N.Y. :  |b Distributed in the U.S. by Sterling Pub. Co.,  |c 1985. 
300 |a 186 p., [8] p. of plates :  |b ill. ;  |c 24 cm. 
500 |a Includes index. 
504 |a Bibliography: p. 175-177. 
651 0 |a Halley's comet. 
740 0 1 |a Halley and his comet. 
852 8 |b CARM  |h A2:AG07F0  |i C01498  |p 0080414  |f BK 
999 f f |i 1b56a2d5-e879-50c2-a6c5-75fddf412eb9  |s badbe163-0b8f-546b-ba16-26a45c17ac0a 
952 f f |p Can circulate  |a CAVAL  |b CAVAL  |c CAVAL  |d CARM 1 Store  |e C01498  |f A2:AG07F0  |h Other scheme  |i book  |m 0080414